[Event "Nikaia op 29th"]
[Site "Nikaia"]
[Date "2022.09.08"]
[Round "8"]
[White "Armeniakos, Sotiris"]
[Black "Tzortzatos, Dimosthenis Panagio"]
[Result "0-1"]
[WhiteElo "1577"]
[BlackElo "1863"]
[PlyCount "59"]
[EventDate "2022.09.01"]
[EventType "swiss"]
[EventRounds "9"]
[EventCountry "GRE"]
[SourceTitle "CBM 210 Extra"]
[Source "ChessBase"]
[SourceDate "2022.11.30"]
[SourceVersion "1"]
[SourceVersionDate "2022.11.30"]
[SourceQuality "1"]

1. e4 c5 2. Nf3 d6 3. d4 cxd4 4. Nxd4 Nf6 5. Nc3 a6 6. h3 e5 7. Nde2 h5 8. g3 Be6 9. Bg2 b5 10. Be3 Nbd7 11. f4 Rc8 12. 0-0 Be7 13. fxe5 Nxe5 14. Nd5 Nfd7 15. Nd4 Bg5 16. Qc1 Bxe3+ 17. Qxe3 Bxd5 18. exd5 0-0 19. Rac1 Qb6 20. Nf5 Qxe3+ 21. Nxe3 g6 22. h4 Nc4 23. Nxc4 Rxc4 24. c3 Kg7 25. Rfe1 Ne5 26. Re4 Rfc8 27. Rce1 f5 28. Rxc4 Rxc4 29. Rd1 f4 30. Kf2 0-1